000 00991cam a2200433 4500
001 J106979
008 000000n2000 000 0 eng u
035 _a(Sirsi) u106979
050 _a333.337094
110 _aDTZ
245 _aEuropean commercial property markets overview 2000
260 _aLondon
_bDTZ
_c2000
300 _a40p ; 30cm
650 _aAUSTRIA
650 _aBELGIUM
650 _aCZECH REPUBLIC
650 _aEUROPE
650 _aFRANCE
650 _aGERMANY
650 _aGREECE
650 _aHUNGARY
650 _aIRELAND
650 _aITALY
650 _aNETHERLANDS
650 _aPOLAND
650 _aPORTUGAL
650 _aRUSSIA
650 _aSPAIN
650 _aSWEDEN
650 _aTURKEY
650 _aUKRAINE
650 _aUNITED KINGDOM
650 _aRENTS
650 _aPROPERTY-COMMERCIAL PROPERTY
650 _aYIELDS
690 _aPROPERTY-COMMERCIAL PROPERTY
856 _uhttp: // www.dtz.com
942 _n0
999 _c100647
_d100647